| 000 | 00000nam 2200000zi 4500 |
| 001 | 9.932852 |
| 003 | CaOODSP |
| 005 | 20240319132427 |
| 006 | m o d f |
| 007 | cr mn||||||||| |
| 008 | 240124t20242024onca ob f000 0 eng d |
| 020 | |a9780660697482 |
| 040 | |aCaOODSP|beng|erda|cCaOODSP |
| 043 | |an-cn--- |
| 086 | 1 |aD2-658/2024E-PDF |
| 100 | 1 |aBechthold, Michael, |d1968- |eauthor. |
| 245 | 10|a100 objects for 100 years : |ba history for the Royal Canadian Air Force centennial / |cMike Bechthold, Richard Mayne, Brad St.Croix. |
| 264 | 1|a[Ottawa] : |bNational Defence = Défense nationale, |c[2024] |
| 264 | 4|c©2024 |
| 300 | |a1 online resource (xiii, 174 pages) : |billustrations |
| 336 | |atext|btxt|2rdacontent |
| 337 | |acomputer|bc|2rdamedia |
| 338 | |aonline resource|bcr|2rdacarrier |
| 500 | |aIssued also in French under title: Cent objets représentant un siècle d'histoire : centenaire de l'Aviation royale canadienne. |
| 504 | |aIncludes bibliographical references (pages 169-171). |
| 610 | 10|aCanada.|bRoyal Canadian Air Force|xHistory. |
| 610 | 10|aCanada.|bRoyal Canadian Air Force|xCentennial celebrations, etc. |
| 710 | 1 |aCanada. |bDepartment of National Defence, |eissuing body. |
| 775 | 08|tCent objets représentant un siècle d'histoire : |w(CaOODSP)9.932855 |
| 776 | 0#|t100 objects for 100 years : |w(CaOODSP)9.932853 |
| 856 | 40|qPDF|s41.90 Mo|uhttps://publications.gc.ca/collections/collection_2024/mdn-dnd/D2-658-2024-eng.pdf |